"Hiányzott a kézilabda" Németh Lívia a rimaszombati iskolás lányok edzésén állt legutóbb a kapuban

Bibliographic Details
Main Authors: Bőd, Titanilla, 1983- (Author, Interviewer), Németh, Lívia, 1977- (Author)
Format: Article
Language:Hungarian
PhysicalDescription:Fotogr.
Subjects:

MARC

LEADER 00000nab a2200000 a 4500
001 vtls008163444
003 SK-MaSNL
005 20260318122332.0
008 160405c20050623xo |||||| | 000 b|hun
015 |a SNBRB2005/06  |2 snkbucl 
038 |a SNKBUCL 
040 |a DSZK  |b slo  |c DSZK  |e AACR2 
041 0 |a hun 
044 |a xo  |c SK 
080 |a 796.322.071  |2 1997 
100 1 |a Bőd, Titanilla,  |d 1983-  |4 ivr  |4 aut  |9 118485 
245 1 0 |a "Hiányzott a kézilabda"  |b Németh Lívia a rimaszombati iskolás lányok edzésén állt legutóbb a kapuban  |c Bőd Titanilla 
300 |b Fotogr. 
600 1 7 |a Németh, Lívia,  |d 1977-  |2 snkbucl  |9 1570723 
650 0 7 |a hádzaná  |2 snkbucl  |9 3292 
700 1 |a Németh, Lívia,  |d 1977-  |4 ive  |4 aut  |9 1570723 
773 0 |t Új szó  |g Évf. 58, sz. 145 (23.6.2005), o. 22 
852 |a SNK  |b KIS3GCP 
852 |a DSZK  |b KIS3GCP 
958 |a HU 
958 |a SK 
999 |c 3203213  |d 3205143